Score 0/31 Timer 05:00
0 Plays Today
% Correct
Statone
73.3%
Anonymous
66.7%
Zohaib
66.7%
Possible
60%
Blind Spot
60%
Top
53.3%
Ghost
53.3%
Boulder
53.3%
Jeneral
53.3%
Eashaa
46.7%
Dance
46.7%
Novel
46.7%
Druggie
46.7%
Muffin
46.7%
Talking
46.7%
Her Grandma
46.7%
% Correct
Name
40%
Friend
40%
Do It
40%
Convenience Store
40%
Cloud
40%
Alpha
40%
Cheature
40%
Chu
40%
Clutch
40%
Neeta
33.3%
Biloxi
33.3%
Fancy
33.3%
Agents
33.3%
Walk Away
26.7%
Pestrufflo
13.3%
Come Together.
Have Fun.
All Virtual.
We all need to come together. Play Sporcle's virtual live trivia to have fun, connect with people, and get your trivia on. Join a live hosted trivia game for your favorite pub trivia experience done virtually. If a virtual private party is more your thing, go here for details.

You're not logged in!

Compare scores with friends on all Sporcle quizzes.
OR
Log In

Sporcle TV

Today on Sporcle TV


Watch our educational content, quiz creation guides, and fun videos on Sporcle TV.

Show Comments

Extras

Created Mar 3, 2011ReportNominate
Tags:che

Top Quizzes Today


Score Distribution

Paid Content

Your Account Isn't Verified!

In order to create a playlist on Sporcle, you need to verify the email address you used during registration. Go to your Sporcle Settings to finish the process.

Report this User

Report this user for behavior that violates our Community Guidelines.

Details: